00446nam a2200169Ia 4500003000400000005001700004008004100021020001000062040000700072041000800079082001900087100002700106245005700133260005800190300001500248365001300263OSt20230405094637.0210423s2009 xx 000 0 und d a97881 cAL aeng a821.7 SINK223 aSINGH (Kanwar Dinesh). aPoetry of Walt Whitman: new critical perspectives. aNew DelhibAtlantic Publishers and Distributorsc2009 avi,193bHB b495cINR